| 000 | 00605cam a2200217 a 4500 | ||
|---|---|---|---|
| 001 | 2351600 | ||
| 005 | 20180129041814.0 | ||
| 008 | 831201s1984 ilua b 001 0 eng | ||
| 010 | _a 83024621 | ||
| 020 |
_a0867151447 : _c$23.95 |
||
| 040 |
_aDLC _cDLC _dDLC |
||
| 041 | _aeng | ||
| 080 | _a617.60592 ron | ||
| 082 | 0 | 0 |
_a617.60592 ron _219 |
| 100 | 1 | _a5 | |
| 101 | _asto | ||
| 245 | 1 | 0 |
_aChange your smile / _cRonald E. Goldstein, contributors: Louis Belinfante, John R. Lewis, Jr. |
| 504 | _aBibliography: p. 200. | ||
| 906 |
_a7 _bcbc _corignew _d1 _eocip _f19 _gy-gencatlg |
||
| 942 |
_2ddc _cBK |
||
| 999 |
_c41134 _d41134 |
||